| 000 | 01353nam a22003497a 4500 | ||
|---|---|---|---|
| 001 | 0009695 | ||
| 003 | KOHA_MİRAKIL | ||
| 005 | 20260207001718.0 | ||
| 007 | ta | ||
| 008 | 091023b1999 tu |||gr||||#||||1|tur | | ||
| 020 | _a9754370338 | ||
| 040 |
_aTR-BiSEU _btur _cTR-BiSEU _erda |
||
| 041 | 0 | _atur | |
| 044 | _ctu | ||
| 050 |
_aPL213 _b.S24 1999 |
||
| 100 | 1 | _aSafa, Peyami. | |
| 245 | 1 |
_aYazarlar, sanatçılar, meşhurlar/ _cPeyami Safa ; Peyami Safa. |
|
| 264 | 1 |
_aİstanbul : _bÖtüken Yayınevi _c1999 |
|
| 300 | _a240 sayfa; 20 cm. | ||
| 336 |
_ametin _btxt _2rdacontent |
||
| 337 |
_aaracısız _bn _2rdamedia |
||
| 338 |
_acilt _bnc _2rdacarrier |
||
| 490 | 1 |
_aÖtüken yayınları ; _vnu. |
|
| 490 | 1 | _a107 . | |
| 490 | 1 |
_aObjektif serisi ; _v6. |
|
| 505 | _aPeyami yalnızca kalemi ile yaşayan ender insanlardandır. Dostluğuna ihtiyaç duyulan, düşmanlığından çekinilen bir şahsiyet olarak yaşadığı dönemin bütün meşhurlarıyla tanışıklığı olmuştur. Yalnızca yerli değil yabancı bir çok mütefekkir ve sanatçı da onun ilgi alanına girmiştir. Yaşandığı dönemin iç yüzüne ışık tutan bir edebî hatırat... | ||
| 650 | 0 |
_aBiography. _911328 |
|
| 830 | 1 |
_aÖtüken yayınları ; _vnu. _96723 |
|
| 830 | 1 |
_a107 . _911329 |
|
| 830 | 1 |
_aObjektif serisi ; _v6. _911330 |
|
| 942 |
_2lcc _cBK |
||
| 999 |
_c9667 _d9667 |
||